| 000 | 00488nam a2200145Ia 4500 | ||
|---|---|---|---|
| 999 |
_c9886 _d9886 |
||
| 020 | _a0313307431 | ||
| 082 | _aRR 327.03 NOL-G | ||
| 100 | _aNolan, Cathal J. | ||
| 245 | 0 | _aGreenwood encyclopedia of international relations | |
| 250 | _a2002 | ||
| 260 |
_aWestport, CT _bGreenwood publishing _c2002 |
||
| 500 | _aContents : Vol.1.(A-E, 529p.), Vol.2 (F-L,530-986p.), Vol.3 (M-R, 987-1456p.), Vol.4 (S-Z, 1457-2128p.) | ||
| 650 |
_aInternational relations _vEncyclopedias |
||
| 942 |
_cBK _2ddc |
||